000 00479nam a22001577a 4500
005 20240214145813.0
008 240212b |||||||| |||| 00| 0 eng d
041 _aAfrikaans
082 _a349 TYD
100 _aVan Loggerenberg, C
_lAfrikaans
245 _aTydskrif vir Hedendaagse Romeins - Hollandse Reg
260 _aDurban :
_bButterworth,
_c1987
300 _b126 pages ;
_c25 cm.
650 _aLegal practice
_bLaw
942 _cBK
_6ALISON_BN_VRIES
999 _c1339
_d1339